| 000 | 00000nam##2200000za#4500 |
| 001 | 9.531628 |
| 003 | CaOODSP |
| 005 | 20200401015005 |
| 007 | ta |
| 008 | 150406|1999||||xxc||||| f|0| 0 eng|d |
| 020 | |a0-660-60814-6 |
| 040 | |aCaOODSP|beng |
| 041 | |aeng |
| 041 | |afre |
| 043 | |an-cn--- |
| 086 | 1 |aBT31-2/2000-III-30 |
| 110 | 1 |aCanada. |bTreasury Board. |
| 245 | 10|aMedical Research Council of Canada |
| 260 | |aOttawa - Ontario : |bTreasury Board of Canada Secretariat |c1999. |
| 300 | |aEnglish text, 24p. : |borganization chart, tables ; |c28 cm. |
| 490 | 1 |a1999-2000 estimates, part III: Report on plans and priorities |
| 546 | |aBilingual |
| 563 | |aSoftcover |
| 590 | |a99-13|b1999-04-01 |
| 690 | 07|aEstimates|2gcpds |
| 776 | 0#|tConseil de recherches médicales du Canada, budget des dépenses 1999-2000, partie III, rapport sur les plans et les priorités |w(CaOODSP)9.599066 |
| 776 | 0#|tMedical Research Council of Canada, 1999-2000 estimates, part III, report on plans and priorities |w(CaOODSP)9.567740 |
| 792 | |tConseil de recherches médicales du Canada |efre|w(CaOODSP)9.531629 |
| 830 | #0|a1999-2000 estimates, part III: Report on plans and priorities.|w(CaOODSP)9.508962 |